1320 1232 1580 1156 1502 1230 1106 1491 1354 1641 1301 1296 1018 1762 1341 1815 1206 1558 1210 1441 1322 1108 1128 1080 1171 1311 1044 1551 1544 1731 1041 1547 1591 1032 1819 1514 1144 1569 1221 1756 1371 1867 1674 1478 1730 1103 1754 1018 1755 1146 1524 1714 1283 1942 1934 1898 1764 1721 1181 1656 1407 1682 1408 1506 1751 1736 1314 1945 1734 1102 1584 1972 1765 1785 1891 1857 1198 1459 1238 1769 1618 1264 1955 1530 1094 1354 1633 1024 1017 1344 1250 1205 1738 1055 1630 1965 1329 1179 1436 BCNSPRNW ULIB Ver.6.0+V

เปลี่ยนเป็นภาษาไทย

Change to English
 แสดงรายละเอียดบรรณานุกรม
  กลับหน้าหลัก

Brief Record : Get Marc (ISO 2709) : E-mail record : QR code < ปิดหน้าต่าง
LEADER : 00000nam 2200000uu 4500
001    13399110296
003     ULIB
008    110428s2551||||th 000 0 tha d
020    9744914602
050  4 BQ4570.L5^bช2442 3/2551
100 0  ชุติปัญโญ.
245 10 ทำใจเสียบ้างแล้วทุกอย่างจะดีขึ้น /^cชุติปัญโญ.
250    พิมพ์ครั้งที่ 12.
260    กรุงเทพฯ :^bใยไหม,^c2551.
300    158 หน้า :^bภาพประกอบ ;^c21 ซม.
650  4 ธรรมะกับชีวิตประจำวัน.
650  4 การดำเนินชีวิต.
650  4 ชีวิต^xแง่ศาสนา^xพุทธศาสนา.
650  4 จิตวิทยาประยุกต์.
700 0  พระมหาวีระพันธ์ ชุติปัญโญ.
945    ^p139^l0^i030055
995     เกษร
999 ^a ใช้งานได้ทุกระบบ
รายการนี้ยังไม่มีแท็ก
คุณยังไม่ได้ล็อกอิน คุณสามารถมีกิจกรรมร่วมกับเว็บไซต์ได้ แต่ต้องล็อกอินก่อน ::
  ล็อกอิน

รายการสื่อสารสนเทศ

ลำดับที่ ประเภท เลขเรียก/บาร์โค้ด สถานที่ สถานะ
- ไม่พบข้อมูล -

รายการใกล้เคียง
    ผู้แต่ง [ชุติปัญโญ.]

    หัวเรื่อง [ธรรมะกับชีวิตประจำวัน.]
    หัวเรื่อง [การดำเนินชีวิต.]
    หัวเรื่อง [จิตวิทยาประยุกต์.]

BibComment


ยังไม่เคยถูกคอมเมนท์

คอมเมนท์ทรัพยากรรายการนี้
  คอมเมนท์: ทำใจเสียบ้างแล้วท..


 Copyright 2026. Bcnsprnw @Library